000 00421cam a2200181 4500
001 D13862
008 090401t1967 xxu||||| |||| 00| 0 eng d
035 _a(Sirsi) u12094
041 _aeng
100 _aSeward, Guy
245 4 _aThe Land Commission Act
260 _aLondon
_bCharles Knight & Co
_c1967
350 _a0
520 _aShelf 135
700 _aStewart-Smith, W.R.
942 _n0
948 _c04/03/1997
999 _c86947
_d86947